| 000 | 01668cam a22004218i 4500 | ||
|---|---|---|---|
| 999 |
_c10753 _d10753 |
||
| 001 | 20152007 | ||
| 003 | GZU | ||
| 005 | 20221005121453.0 | ||
| 008 | 171122s2018 mou 000 0 eng | ||
| 010 | _a 2017056253 | ||
| 020 | _a9780323414876 (pbk. : alk. paper) | ||
| 022 | _a9780323414876 | ||
| 035 | _a(DNLM)101717298 | ||
| 040 |
_aDNLM/DLC _erda _cDLC |
||
| 042 | _apcc | ||
| 050 | 0 | 0 |
_aQM25 _bKEL 2018 |
| 100 | 1 |
_aKelley, Lorrie L., _eauthor. |
|
| 245 | 1 | 0 |
_aSectional anatomy for imaging professionals / _cLorrie L. Kelley, Connie M. Petersen. |
| 250 | _aFourth edition. | ||
| 263 | _a1802 | ||
| 264 | 1 |
_aSt. Louis, Missouri : _bElsevier, _c[2018] |
|
| 300 |
_aix, 781 pages : _billustrations _ccm. |
||
| 336 |
_atext _2rdacontent |
||
| 336 |
_astill image _2rdacontent |
||
| 337 |
_aunmediated _2rdamedia |
||
| 338 |
_avolume _2rdacarrier |
||
| 504 | _aIncludes bibliographical references and index | ||
| 505 | 0 | _aIntroduction to sectional anatomy Cranium and facial bones Brain Spine Neck Thorax Abdomen Pelvis Upper extremity joints Lower extremity joints | |
| 520 | _aResource added for the Diagnostic Medical Sonography program 105262 and Radiography 105261 program | ||
| 650 | 1 | 2 | _aAnatomy |
| 650 | 2 | 2 | _aMagnetic Resonance Imaging |
| 650 | 2 | 2 | _aTomography |
| 655 | 2 | _aAtlases | |
| 700 | 1 |
_aPetersen, Connie M., _eauthor. |
|
| 776 | 0 | 8 |
_iOnline version: _aKelley, Lorrie L., author. _tSectional anatomy for imaging professionals _bFourth edition. _dSt. Louis, Missouri : Elsevier, [2018] _z9780323595377 _w(DLC) 2017056842 |
| 906 |
_a7 _bcbc _corignew _d1 _eecip _f20 _gy-gencatlg |
||
| 942 |
_2lcc _cBK _eFourth edition _h25 _iKEL _kQM |
||